000
00299 a2200133 4500
000
nam a22 7a 4500
100
_a
Kataria, Surender
110
_a
Kataria, Surender
245
_a
Karmik Prashasan
250
_a
latest edition
260
_b
RBSA
_c
2024
264
_b
RBSA
_c
2024
942
_c
BK
999
_c
394435
_d
394435